[Event "Wch Seniors 15th"]
[Site "Lignano Sabbiadoro"]
[Date "2005.10.04"]
[Round "7"]
[White "Bitzer, Dieter"]
[Black "Ollek, Karl Heinz"]
[Result "1-0"]
[WhiteElo "2003"]
[BlackElo "1807"]
[PlyCount "45"]
[EventDate "2005.09.28"]
[EventType "swiss"]
[EventRounds "11"]
[EventCountry "ITA"]
[SourceTitle "CBM 108 Extra"]
[Source "ChessBase"]
[SourceDate "2005.11.04"]
[SourceVersion "1"]
[SourceVersionDate "2005.11.04"]
[SourceQuality "1"]

1. e4 c5 2. f4 Nc6 3. Nf3 Nf6 4. e5 Nd5 5. Nc3 Nxf4 6. d4 cxd4 7. Nxd4 Ng6 8. Nf3 Qa5 9. Bb5 e6 10. 0-0 a6 11. Bxc6 bxc6 12. Ne4 Bc5+ 13. Kh1 0-0 14. c3 Qc7 15. Nxc5 Nxe5 16. Nxe5 Qxe5 17. Nd3 Qb5 18. Be3 d6 19. a4 Qb8 20. b4 e5 21. Nf2 c5 22. bxc5 Bh3 23. gxh3 1-0

[Event "EU-ch Seniors 04th"]
[Site "Arvier"]
[Date "2004.09.12"]
[Round "3"]
[White "Saunina, Ludmila"]
[Black "Bitzer, Dieter"]
[Result "1-0"]
[WhiteElo "2282"]
[BlackElo "2018"]
[PlyCount "77"]
[EventDate "2004.09.10"]
[EventType "swiss"]
[EventRounds "9"]
[EventCountry "ITA"]
[SourceTitle "CBM 102 Extra"]
[Source "ChessBase"]
[SourceDate "2004.11.03"]
[SourceVersion "1"]
[SourceVersionDate "2004.11.03"]
[SourceQuality "1"]

1. e4 e5 2. Nf3 Nc6 3. Bb5 a6 4. Ba4 d6 5. c4 Nf6 6. Nc3 Be7 7. d4 exd4 8. Nxd4 Bd7 9. Bxc6 bxc6 10. 0-0 0-0 11. Re1 c5 12. Nde2 Bc6 13. Nf4 Re8 14. b3 Bf8 15. f3 g6 16. Bb2 Bg7 17. Qc2 Nd7 18. Ncd5 Ne5 19. Rad1 Rc8 20. Bc3 Bxd5 21. Nxd5 c6 22. Ne3 Qe7 23. Qb2 f6 24. h3 Nf7 25. Ng4 f5 26. exf5 Bxc3 27. Qxc3 Qh4 28. Nf6+ Kf8 29. Nxe8 Rxe8 30. Rxe8+ Kxe8 31. fxg6 hxg6 32. Qe1+ Qxe1+ 33. Rxe1+ Kd7 34. Kf2 d5 35. f4 Nd6 36. Kf3 dxc4 37. bxc4 Nxc4 38. Rc1 Nd2+ 39. Ke3 1-0

[Event "Wch Seniors 13th"]
[Site "Bad Zwischenahn"]
[Date "2003.??.??"]
[Round "?"]
[White "Bitzer, Dieter"]
[Black "Ahlberg, Guenter"]
[Result "1-0"]
[WhiteElo "1735"]
[BlackElo "1930"]
[PlyCount "73"]
[EventDate "2003.11.16"]
[EventType "swiss"]
[EventRounds "11"]
[EventCountry "GER"]
[SourceTitle "CBM 097 Extra"]
[Source "ChessBase"]
[SourceDate "2004.01.13"]
[SourceVersion "1"]
[SourceVersionDate "2004.01.13"]
[SourceQuality "1"]

1. e4 c6 2. d4 d5 3. e5 Bf5 4. c4 dxc4 5. Bxc4 e6 6. Nf3 Bg4 7. Be3 Nd7 8. h3 Bh5 9. Nbd2 Ne7 10. Qb3 Nb6 11. Bd3 Ned5 12. a3 Be7 13. 0-0 0-0 14. Be4 Qd7 15. Qd3 Bg6 16. Rad1 Rfd8 17. Bxg6 hxg6 18. Ne4 Nxe3 19. fxe3 Qd5 20. Nfg5 Bxg5 21. Nxg5 Rd7 22. Qc2 f6 23. e4 Qc4 24. Qxc4 Nxc4 25. exf6 Ne3 26. f7+ Kf8 27. Nh7+ Ke7 28. f8Q+ Rxf8 29. Nxf8 Rd8 30. Nxg6+ Kd6 31. Rd3 Nxf1 32. Kxf1 Kc7 33. Nf4 Re8 34. e5 g5 35. Nh5 Rh8 36. Nf6 Rd8 37. Ke2 1-0

[Event "Wch Seniors 13th"]
[Site "Bad Zwischenahn"]
[Date "2003.??.??"]
[Round "?"]
[White "Bitzer, Dieter"]
[Black "Davydov, Mihail"]
[Result "0-1"]
[WhiteElo "1735"]
[BlackElo "2010"]
[PlyCount "62"]
[EventDate "2003.11.16"]
[EventType "swiss"]
[EventRounds "11"]
[EventCountry "GER"]
[SourceTitle "CBM 097 Extra"]
[Source "ChessBase"]
[SourceDate "2004.01.13"]
[SourceVersion "1"]
[SourceVersionDate "2004.01.13"]
[SourceQuality "1"]

1. e4 d5 2. exd5 Qxd5 3. d4 Nf6 4. Nc3 Qa5 5. Nf3 Bf5 6. Bb5+ c6 7. Bd3 e6 8. a3 Nbd7 9. b4 Bxb4 10. axb4 Qxa1 11. Bxf5 Qxc3+ 12. Bd2 Qb2 13. Bd3 Nd5 14. c3 Nxc3 15. Bxc3 Qxc3+ 16. Ke2 0-0 17. Qb1 Nf6 18. Rc1 Qa3 19. Rc2 a5 20. bxa5 Rxa5 21. Qxb7 Nd5 22. Ne1 c5 23. dxc5 Nf4+ 24. Kd2 Rxc5 25. Qb1 g6 26. Ra2 Qc3+ 27. Kd1 Rd8 28. Rd2 Rcd5 29. g3 Nxd3 30. Nxd3 Rxd3 31. Rxd3 Qxd3+ 0-1

[Event "Wch Seniors 13th"]
[Site "Bad Zwischenahn"]
[Date "2003.??.??"]
[Round "?"]
[White "Bitzer, Dieter"]
[Black "Hesselbarth, Karlheinz"]
[Result "1/2-1/2"]
[WhiteElo "1735"]
[BlackElo "1720"]
[PlyCount "49"]
[EventDate "2003.11.16"]
[EventType "swiss"]
[EventRounds "11"]
[EventCountry "GER"]
[SourceTitle "CBM 097 Extra"]
[Source "ChessBase"]
[SourceDate "2004.01.13"]
[SourceVersion "1"]
[SourceVersionDate "2004.01.13"]
[SourceQuality "1"]

1. e4 e5 2. Nf3 Nc6 3. Bc4 Bc5 4. Nc3 Nf6 5. d3 d6 6. Bg5 Be6 7. Nd5 Na5 8. Nxf6+ gxf6 9. Bxe6 fxg5 10. Bf5 Nc6 11. Qd2 h6 12. h4 Rg8 13. hxg5 hxg5 14. 0-0-0 Nd4 15. Nxd4 Bxd4 16. c3 Bb6 17. f3 Qf6 18. Rh7 d5 19. Rdh1 dxe4 20. fxe4 Qd6 21. Rf1 Rd8 22. Rh3 c5 23. c4 Qe7 24. Qc2 Rd4 25. g4 1/2-1/2

[Event "Wch Seniors 13th"]
[Site "Bad Zwischenahn"]
[Date "2003.??.??"]
[Round "?"]
[White "Moeckel, Edgar"]
[Black "Bitzer, Dieter"]
[Result "1/2-1/2"]
[WhiteElo "1805"]
[BlackElo "1735"]
[PlyCount "155"]
[EventDate "2003.11.16"]
[EventType "swiss"]
[EventRounds "11"]
[EventCountry "GER"]
[SourceTitle "CBM 097 Extra"]
[Source "ChessBase"]
[SourceDate "2004.01.13"]
[SourceVersion "1"]
[SourceVersionDate "2004.01.13"]
[SourceQuality "1"]

1. d4 d5 2. c4 e6 3. Nc3 Nf6 4. Nf3 Nbd7 5. e3 Be7 6. Bd3 dxc4 7. Bxc4 0-0 8. e4 c5 9. 0-0 cxd4 10. Nxd4 Ne5 11. Be2 Bd7 12. Bf4 Ng6 13. Be3 a6 14. Bf3 Nh4 15. Be2 e5 16. Nb3 Bc6 17. f3 Ng6 18. g3 Qc7 19. Qe1 Rad8 20. Qf2 Nd7 21. Rac1 Qb8 22. Rfd1 Nf6 23. Na5 Bd7 24. Bb6 Rde8 25. Bc4 h5 26. h4 Bd8 27. Nd5 Bc8 28. Ba7 Qa8 29. Bb6 Bxb6 30. Qxb6 Re6 31. Qe3 Qb8 32. Bb3 Nxd5 33. Bxd5 Rf6 34. Kg2 b5 35. Nc6 Qc7 36. Nb4 Qe7 37. Nc6 Qe8 38. Qc5 Kh7 39. b4 Qd7 40. Rh1 Bb7 41. Nxe5 Nxe5 42. Qxf8 Bxd5 43. Rcd1 Qc6 44. exd5 Qc2+ 45. Kh3 Qf5+ 46. Kg2 Qxf3+ 47. Kh3 Ng4 48. Qc5 Nf2+ 49. Kh2 Rg6 50. Rhg1 Nxd1 51. d6 Qd3 52. Qxh5+ Kg8 53. Qxd1 Rxd6 54. Qxd3 Rxd3 55. Rg2 f6 56. Rc2 Kf7 57. h5 Ra3 58. Kh3 Kg8 59. Rb2 Kh7 60. Kg4 Kh6 61. Kh4 g6 62. hxg6 Kxg6 63. Kg4 Rc3 64. Rb3 Rc4+ 65. Kf3 Kg5 66. a3 f5 67. Rd3 Rc1 68. Kg2 Rc2+ 69. Kf3 Rc4 70. Re3 Rc1 71. Kf2 Rc2+ 72. Kf3 Rc8 73. Rd3 Rc4 74. Re3 Kf6 75. Kf2 Rc2+ 76. Kf3 Kg5 77. Rd3 Rc1 78. Kf2 1/2-1/2

[Event "Wch Seniors 08th"]
[Site "Grieskirchen"]
[Date "1998.11.21"]
[Round "11"]
[White "Schneider, Klaus"]
[Black "Bitzer, Dieter"]
[Result "0-1"]
[WhiteElo "1709"]
[BlackElo "1833"]
[PlyCount "76"]
[EventDate "1998.11.08"]
[EventType "swiss"]
[EventRounds "11"]
[EventCountry "AUT"]
[SourceTitle "CBM 067 Extra"]
[Source "ChessBase"]
[SourceDate "1999.01.01"]
[SourceVersion "1"]
[SourceVersionDate "1999.01.01"]
[SourceQuality "1"]

1. d4 d5 2. c4 e6 3. cxd5 exd5 4. Nc3 Nf6 5. Bg5 c6 6. e3 Nbd7 7. Nf3 Qa5 8. Bd3 Ne4 9. Bxe4 dxe4 10. Ne5 Nxe5 11. dxe5 f6 12. Bh4 Qxe5 13. Bg3 Qe6 14. Qh5+ g6 15. Qa5 Be7 16. Rd1 0-0 17. h4 h6 18. Rd4 f5 19. Ne2 c5 20. Nf4 Qf7 21. Rd2 b6 22. Qa4 Rd8 23. Qc6 Ba6 24. Qxg6+ Qxg6 25. Nxg6 Bf6 26. Be5 Kf7 27. h5 Rd3 28. Bxf6 Kxf6 29. Nf4 Rxd2 30. Kxd2 Rd8+ 31. Kc2 Bc4 32. a3 b5 33. Kc3 a5 34. Kc2 Bf7 35. Kc3 b4+ 36. axb4 cxb4+ 37. Kc2 a4 38. Rd1 Bb3+ 0-1

[Event "Wch Seniors 08th"]
[Site "Grieskirchen"]
[Date "1998.11.16"]
[Round "7"]
[White "Porubszki, Georg"]
[Black "Bitzer, Dieter"]
[Result "1/2-1/2"]
[WhiteElo "1847"]
[BlackElo "1833"]
[PlyCount "122"]
[EventDate "1998.11.08"]
[EventType "swiss"]
[EventRounds "11"]
[EventCountry "AUT"]
[SourceTitle "CBM 067 Extra"]
[Source "ChessBase"]
[SourceDate "1999.01.01"]
[SourceVersion "1"]
[SourceVersionDate "1999.01.01"]
[SourceQuality "1"]

1. g3 g6 2. Bg2 Bg7 3. d3 d5 4. Nd2 c5 5. c4 e6 6. Rb1 Ne7 7. e3 Nbc6 8. Ne2 0-0 9. a3 Ne5 10. Nf3 dxc4 11. Nxe5 Bxe5 12. dxc4 Qxd1+ 13. Kxd1 Rb8 14. Nf4 Rd8+ 15. Kc2 b6 16. Bd2 Bb7 17. Bxb7 Rxb7 18. Rbd1 Rbd7 19. Ne2 Bxb2 20. Bc1 Bxc1 21. Kxc1 Rxd1+ 22. Rxd1 Rxd1+ 23. Kxd1 Nc6 24. Kc2 Ne5 25. Kc3 Ng4 26. f4 Nxe3 27. Kd3 Ng4 28. h4 f5 29. Nc3 e5 30. Nb5 e4+ 31. Ke2 a5 32. Nd6 Nf6 33. Nc8 Nd7 34. Ne7+ Kf7 35. Nd5 Ke6 36. a4 Kd6 37. Ke3 Kc6 38. Ne7+ Kb7 39. h5 b5 40. cxb5 Nb6 41. hxg6 hxg6 42. Nxg6 Nxa4 43. g4 fxg4 44. f5 c4 45. f6 Nc5 46. f7 Nd7 47. Ne5 Nf8 48. Nxc4 a4 49. Kxe4 Kc7 50. Kf4 g3 51. Kxg3 Kd8 52. Kf4 Ke7 53. b6 Nd7 54. b7 Nb8 55. Ke5 Kxf7 56. Kd6 Kf6 57. Nb6 a3 58. Nd7+ Kf5 59. Nc5 a2 60. Nb3 Kf4 61. Kc5 Ke5 1/2-1/2

[Event "Wch Seniors 08th"]
[Site "Grieskirchen"]
[Date "1998.11.10"]
[Round "2"]
[White "Bitzer, Dieter"]
[Black "Heumel, Robert"]
[Result "1-0"]
[WhiteElo "1833"]
[BlackElo "1610"]
[PlyCount "107"]
[EventDate "1998.11.08"]
[EventType "swiss"]
[EventRounds "11"]
[EventCountry "AUT"]
[SourceTitle "CBM 067 Extra"]
[Source "ChessBase"]
[SourceDate "1999.01.01"]
[SourceVersion "1"]
[SourceVersionDate "1999.01.01"]
[SourceQuality "1"]

1. e4 e5 2. Nf3 Nf6 3. Nxe5 d6 4. Nf3 Nxe4 5. d4 d5 6. Bd3 Bd6 7. 0-0 0-0 8. Re1 Nf6 9. Bg5 Bg4 10. Nbd2 Na6 11. c3 c6 12. Qc2 h6 13. Bh4 Nc7 14. h3 Bc8 15. Ne5 Ne6 16. Bf5 Be7 17. Re3 Ne8 18. Bg3 Nd6 19. Bd3 Bg5 20. Re2 Nf4 21. Bxf4 Bxf4 22. Ndf3 Be6 23. Rae1 Bxe5 24. Nxe5 Qg5 25. Re3 Bf5 26. Bxf5 Qxf5 27. Qxf5 Nxf5 28. R3e2 Nd6 29. f3 Rfe8 30. Kf2 g6 31. Nd7 Rxe2+ 32. Rxe2 Kg7 33. Nc5 b6 34. Nd3 Re8 35. Rxe8 Nxe8 36. Nb4 a5 37. Nxc6 f6 38. Nb8 b5 39. b3 Kf7 40. Ke3 Nd6 41. g4 Ke6 42. Nc6 Nb7 43. b4 a4 44. Kd2 Kd7 45. Nb8+ Ke7 46. Na6 Kd8 47. Nc5 Nd6 48. Ne6+ Kc8 49. Nf4 Nc4+ 50. Ke2 Nb6 51. Nxg6 Kd7 52. Nh4 Ke6 53. Nf5 h5 54. Ng7+ 1-0

[Event "Wch Seniors 07th"]
[Site "Bad Wildbad"]
[Date "1997.??.??"]
[Round "2"]
[White "Aufmwasser, Guenter"]
[Black "Bitzer, Dieter"]
[Result "1-0"]
[WhiteElo "1621"]
[BlackElo "1865"]
[PlyCount "115"]
[EventDate "1997.11.13"]
[EventType "swiss"]
[EventRounds "11"]
[EventCountry "GER"]
[SourceTitle "EXT 1999"]
[Source "ChessBase"]
[SourceDate "1998.11.16"]
[SourceVersion "1"]
[SourceVersionDate "1998.11.16"]
[SourceQuality "1"]

1. e4 e5 2. d4 exd4 3. Qxd4 Nc6 4. Qe3 d6 5. Nc3 Nf6 6. Bc4 Ne5 7. Bb3 Be6 8. Bxe6 fxe6 9. b3 c6 10. Bb2 Neg4 11. Qe2 e5 12. h3 Nh6 13. 0-0-0 Be7 14. Nf3 Nf7 15. Kb1 b5 16. g4 h6 17. Nh4 Nh7 18. Nf5 Bf8 19. h4 g6 20. Ne3 a5 21. f4 Bg7 22. f5 g5 23. hxg5 Nhxg5 24. Ng2 Rf8 25. Nh4 Nh8 26. Nf3 Nxf3 27. Qxf3 Nf7 28. Qd3 Rg8 29. Ne2 Bf8 30. Qh3 Qg5 31. Rdg1 Qf6 32. Nf4 Ng5 33. Qh5+ Kd7 34. Re1 Bg7 35. Re2 c5 36. Nd5 Qd8 37. Rf1 Kc6 38. Bc1 b4 39. Bxg5 hxg5 40. Qh3 Rh8 41. Qd3 Bf6 42. Rd1 Ra7 43. Red2 Rh6 44. Qc4 Be7 45. Ne3 Rh3 46. Qd5+ Kc7 47. Nc4 Ra6 48. Qf7 Qf8 49. Qd5 Rg3 50. Nxe5 Qf6 51. Qc4 Rb6 52. Ng6 Rxg4 53. Qd5 Rg3 54. e5 Qg7 55. Nxe7 Qxe7 56. exd6+ Rxd6 57. Qxc5+ Kd7 58. Rxd6+ 1-0